000 00913nam a2200229 i 4500
001 144015
003 ES-MaACL
005 20230906200927.0
007 t|
008 070214s1975 sp r ||||1| spa d
100 1 _aSimón Díaz, José.
_9106544
245 1 0 _aJesuítas de los siglos XVI y XVII
_b: escritos localizados /
_cJosé Simón Díaz.
260 _aMadrid :
_bFundación Universitaria Española [etc.],
_c1975 (
_fRomero Requejo)
300 _a499 p. ;
_c19 cm.
490 1 _aColección "Espitituales Españoles". Serie C. Monografías ;
_v2
610 2 4 _aJesuitas-
_zEspaña-
_yS.XVII-
_vBibliografías.
_9156214
610 2 4 _aJesuitas-
_zEspaña-
_yS.XVIII-
_vBibliografías.
_9156215
710 2 _aFundación Universitaria Española.
_94426
830 0 _aColección "Espitituales Españoles". Serie C. Monografías ;
_v2
_9220626
852 _aES-MaACL
_jL-7907
_bR.108406
999 _c144015
_d144015